| 000 | 00000nam##2200000za#4500 |
| 001 | 9.566371 |
| 003 | CaOODSP |
| 005 | 20210624180246 |
| 007 | cr ||||||||||| |
| 008 | 150406|2004||||xxc|||||o f|0| 0 eng|d |
| 040 | |aCaOODSP|beng |
| 043 | |an-cn--- |
| 086 | 1 |aTU3-5/04-35E-PDF |
| 110 | 2 |aTransportation Safety Board of Canada. |
| 245 | 10|aCollision with terrain - Piper PA31-350 (Navajo) C-FTNS, Saint John Airport, New Brunswick, 19 August 2004 |h[electronic resource] |
| 260 | |aGatineau - Quebec : |bTransportation Safety Board of Canada |c[2006]. |
| 300 | |a10p.|billus., references, photographs |
| 490 | 1 |aAviation investigation report |vA04A0099 |
| 590 | |a10-05-Supp|b2010-07-20 |
| 690 | 07|aAircraft accidents|2gcpds |
| 775 | 08|tCollision avec le relief du Piper PA31-350 (Navajo) C-FTNS à l'aéroport de Saint-Jean (Nouveau-Brunswick), le 19 août 2004 |w(CaOODSP)9.597880 |
| 830 | #0|aAviation investigation report ;|vA04A0099|w(CaOODSP)9.504825 |
| 856 | 40|ahttp://publications.gc.ca|qPDF|s352 KB|uhttps://publications.gc.ca/collections/collection_2009/bst-tsb/TU3-5-04-35E.pdf|yA04A0099 |